000 01033nam a2200265Ia 4500
003 OSt
005 20221005110634.0
006 a|||||r|||| 00| 0
007 ta
008 221004b |||||||| |||| 00| 0 hin d
020 _a818812219X (hbk)
_c700
024 _a17454
037 _b24019, 27/03/2015, Kitab Ghar
_cTextual
040 _aCRL
_cCRL
_bhin
041 _2hin
_ahin
082 _aO152,1(Delta):g(Y), P9
100 _aगोपेश्वर सिंह, संपा.
245 0 _aभक्ति आंदोलन के सामाजिक आधार
246 _aBhakti āandolan ke sāmājik ādhāra
260 _aनई दिल्ली
_bभारतीय प्रकाशन संस्थान भारत
_c2009
300 _a143पृ0
_ccm.
650 _aहिन्दी साहित्य
942 _hO152,1(Delta):g(Y), P9
_cTEXL
_2cc
999 _c1019430
_d1019430